[Event "Avoine op 38th"]
[Site "Avoine"]
[Date "2024.07.26"]
[Round "7"]
[White "Stephan, Victor"]
[Black "Siffert, Arman"]
[Result "0-1"]
[WhiteElo "2346"]
[BlackElo "2198"]
[PlyCount "144"]
[EventDate "2024.07.20"]
[EventType "swiss"]
[EventRounds "9"]
[EventCountry "FRA"]
[SourceTitle "EXT 2025"]
[Source "ChessBase"]
[SourceDate "2024.10.14"]
[SourceVersion "1"]
[SourceVersionDate "2024.10.14"]
[SourceQuality "1"]

1. d4 Nf6 2. Nf3 g6 3. c4 Bg7 4. Nc3 0-0 5. e4 d6 6. Be2 e5 7. 0-0 exd4 8. Nxd4 Re8 9. f3 c6 10. Kh1 Na6 11. Nc2 Qe7 12. Bf4 Rd8 13. g4 h5 14. g5 Nh7 15. Qd2 Nc5 16. Rad1 Ne6 17. Bxd6 Qxg5 18. Qxg5 Nhxg5 19. c5 b6 20. Bc4 bxc5 21. e5 f6 22. Bxc5 Rxd1 23. Rxd1 Kh7 24. exf6 Bxf6 25. Be3 Rb8 26. Bb3 c5 27. Nd5 Bxb2 28. Ne7 Bb7 29. Rd7 Bxf3+ 30. Kg1 Rb7 31. Rxb7 Bxb7 32. h4 Nf3+ 33. Kf2 Nfd4 34. Ba4 Be4 35. Ne1 c4 36. Nc8 c3 37. Nd6 Bb1 38. Nf7 Bf5 39. Ne5 Ba3 40. N5d3 Be7 41. Kg3 Bg4 42. Ng2 Nf5+ 43. Kf2 Nxh4 44. Bxa7 Nxg2 45. Kxg2 Bf5 46. Ne1 Bb1 47. Bb3 Bc5 48. Bb8 Nd4 49. Bd5 Bf5 50. a4 c2 51. Nxc2 Nxc2 52. Bb7 Bb6 53. Bc6 Nb4 54. Be8 Be4+ 55. Kg3 Bc6 56. Bf7 Bxa4 57. Kf4 Bc2 58. Kg5 Bd8+ 59. Kf4 Bf6 60. Bd6 Nd3+ 61. Ke3 Ne5 62. Be6 Nc6 63. Kf4 g5+ 64. Ke3 Ne7 65. Kf2 Kg7 66. Bd7 Bf5 67. Be8 h4 68. Kf3 Ng6 69. Bc7 g4+ 70. Kf2 Bd4+ 71. Kg2 Be4+ 72. Kf1 g3 0-1

[Event "Avoine op 37th"]
[Site "Avoine"]
[Date "2023.07.23"]
[Round "2"]
[White "Siffert, Arman"]
[Black "Eugene, Floryan"]
[Result "1/2-1/2"]
[WhiteElo "2109"]
[BlackElo "2384"]
[PlyCount "131"]
[EventDate "2023.07.22"]
[EventType "swiss"]
[EventRounds "9"]
[EventCountry "FRA"]
[SourceTitle "CBM 215 Extra"]
[Source "ChessBase"]
[SourceDate "2023.09.30"]
[SourceVersion "1"]
[SourceVersionDate "2023.09.30"]
[SourceQuality "1"]

1. d4 Nf6 2. c4 e6 3. Nc3 d5 4. cxd5 exd5 5. Bg5 Be6 6. e3 Nbd7 7. Nf3 h6 8. Bh4 g5 9. Bg3 Nh5 10. Bd3 Nxg3 11. hxg3 c6 12. Qc2 Qe7 13. b4 0-0-0 14. a4 Kb8 15. a5 Rc8 16. Rb1 Bg7 17. Na4 h5 18. Nc5 h4 19. gxh4 gxh4 20. Kd2 Bf6 21. Rhc1 Rhg8 22. Ne1 Bg5 23. Qb2 h3 24. gxh3 Qf6 25. f4 Bh4 26. Kc3 Rg3 27. Qe2 Rcg8 28. Kb3 Bf5 29. a6 b6 30. Bxf5 Qxf5 31. Ncd3 Qe4 32. Qh5 Qe7 33. Nf3 Qxe3 34. Rc3 Rxf3 35. Qxh4 Rxh3 36. Re1 c5 37. bxc5 bxc5 38. Rxe3 c4+ 39. Kb4 Rxh4 40. Ne5 Kc7 41. Nxd7 Kxd7 42. Kc5 Rxf4 43. Kxd5 Rg6 44. Rxc4 Rxa6 45. Ke5 Raf6 46. Kd5 Ra6 47. Rb4 Rf5+ 48. Kc4 Rb6 49. Ra4 a5 50. Rh3 Rfb5 51. Rha3 Rb4+ 52. Rxb4 axb4 53. Rb3 Kd6 54. Rxb4 Rxb4+ 55. Kxb4 Kd5 56. Kc3 Ke4 57. Kc4 f5 58. d5 f4 59. d6 f3 60. d7 f2 61. d8Q f1Q+ 62. Kc5 Qf2+ 63. Kc6 Qc2+ 64. Kd7 Qd3+ 65. Ke8 Qxd8+ 66. Kxd8 1/2-1/2

[Event "C'Chartres Blitz op April"]
[Site "Europe Echecs INT"]
[Date "2021.04.10"]
[Round "8"]
[White "Grieve, Harry"]
[Black "Siffert, Arman"]
[Result "0-1"]
[WhiteElo "2351"]
[BlackElo "1902"]
[PlyCount "124"]
[EventDate "2021.04.10"]
[EventType "swiss (blitz)"]
[EventRounds "11"]
[EventCountry "FRA"]
[SourceTitle "CBM 201 Extra"]
[Source "ChessBase"]
[SourceDate "2021.05.31"]
[SourceVersion "1"]
[SourceVersionDate "2021.05.31"]
[SourceQuality "1"]

1. e4 d5 2. exd5 Qxd5 3. Nc3 Qd8 4. d4 Nf6 5. Nf3 g6 6. Bc4 Bg7 7. 0-0 0-0 8. h3 a6 9. Qe2 b5 10. Bb3 Bb7 11. Bf4 e6 12. Rad1 Nbd7 13. Ne5 Nb6 14. Bg5 Qc8 15. Rfe1 Nbd5 16. Ne4 Nxe4 17. Qxe4 Nc3 18. Qg4 Nxd1 19. Rxd1 c5 20. Be7 c4 21. Bxf8 Bxf8 22. Qf4 Qe8 23. Nxc4 bxc4 24. Bxc4 Bg7 25. c3 Bd5 26. Bxd5 exd5 27. Rd2 h5 28. Kh2 Kh7 29. Qf3 Qd7 30. Re2 Rb8 31. b3 Rc8 32. g3 a5 33. Kg2 a4 34. Rc2 axb3 35. axb3 Rb8 36. b4 Rc8 37. Rb2 Kg8 38. Qd3 Rc4 39. b5 h4 40. b6 Qb7 41. Rb3 hxg3 42. fxg3 Bf6 43. Qe2 Rc6 44. Qb5 Re6 45. h4 Bd8 46. Qc5 Bxb6 47. Qb5 Qc7 48. Qa6 Kg7 49. Qd3 Ba5 50. Qf3 Qc6 51. Kh3 Rf6 52. Qd3 Qe6+ 53. Kg2 Bc7 54. Rb5 Qc6 55. Rc5 Qd6 56. Qe3 Bb8 57. Qe2 Qxg3+ 58. Kh1 Qxh4+ 59. Kg1 Qg3+ 60. Kh1 Rf5 61. Qg2 Rf1+ 62. Qg1 Qxg1# 0-1

[Event "C'Chartres Blitz op April"]
[Site "Europe Echecs INT"]
[Date "2021.04.10"]
[Round "4"]
[White "Mammadova, Gulnar Marfat Qizi"]
[Black "Siffert, Arman"]
[Result "1-0"]
[WhiteElo "2382"]
[BlackElo "1902"]
[PlyCount "111"]
[EventDate "2021.04.10"]
[EventType "swiss (blitz)"]
[EventRounds "11"]
[EventCountry "FRA"]
[SourceTitle "CBM 201 Extra"]
[Source "ChessBase"]
[SourceDate "2021.05.31"]
[SourceVersion "1"]
[SourceVersionDate "2021.05.31"]
[SourceQuality "1"]

1. e4 d5 2. exd5 Qxd5 3. Nc3 Qd8 4. d4 Nf6 5. Bf4 g6 6. Qd2 Bg7 7. Nf3 a6 8. a4 b6 9. g3 Bb7 10. Bg2 0-0 11. 0-0 c5 12. Rad1 cxd4 13. Nxd4 Bxg2 14. Kxg2 Qc8 15. Qe3 Nc6 16. Nf3 e6 17. Qxb6 Nd7 18. Qb3 e5 19. Be3 Rb8 20. Qa3 Nb4 21. Rd2 Nc5 22. Rfd1 e4 23. Ng1 Re8 24. Nd5 a5 25. Bxc5 Qxc5 26. c3 e3 27. cxb4 axb4 28. Qd3 exd2 29. Rxd2 b3 30. Nf3 Qa5 31. Qc4 Red8 32. Ne7+ Kf8 33. Nc6 Qb6 34. Nxd8 Rxd8 35. Rxd8+ Qxd8 36. Qxb3 Kg8 37. Qb5 h5 38. a5 Kh7 39. a6 Qa8 40. Qb7 Qe8 41. a7 h4 42. a8Q h3+ 43. Kxh3 Qe2 44. Ng5+ Kh6 45. Nxf7+ Kh7 46. Qf3 Qf1+ 47. Kg4 Qc4+ 48. Qae4 Qc8+ 49. Kh4 Bf6+ 50. Ng5+ Kh6 51. Qeg4 Kg7 52. Qxc8 Kh6 53. Qf8+ Bg7 54. Qxg7+ Kxg7 55. Qf7+ Kh6 56. Qh7# 1-0

[Event "C'Chartres Blitz op April"]
[Site "Europe Echecs INT"]
[Date "2021.04.10"]
[Round "5"]
[White "Siffert, Arman"]
[Black "Hucault, Christophe"]
[Result "1-0"]
[WhiteElo "1902"]
[BlackElo "1612"]
[PlyCount "79"]
[EventDate "2021.04.10"]
[EventType "swiss (blitz)"]
[EventRounds "11"]
[EventCountry "FRA"]
[SourceTitle "CBM 201 Extra"]
[Source "ChessBase"]
[SourceDate "2021.05.31"]
[SourceVersion "1"]
[SourceVersionDate "2021.05.31"]
[SourceQuality "1"]

1. d4 Nf6 2. Bf4 d5 3. e3 c5 4. c3 Nc6 5. Nd2 Qb6 6. Qb3 c4 7. Qc2 e6 8. e4 dxe4 9. Bxc4 Nd5 10. Bg3 f5 11. Bb3 Be7 12. Ne2 0-0 13. Nc4 Qd8 14. Nf4 Bd7 15. h4 Rc8 16. Ne3 Nxd4 17. Qd1 Nxb3 18. Qxb3 Nxe3 19. fxe3 Rf6 20. 0-0-0 Qe8 21. Qxb7 Bc6 22. Qa6 e5 23. Qc4+ Qf7 24. Qxf7+ Kxf7 25. Nd5 Bxd5 26. Rxd5 Rg6 27. Rh3 Bc5 28. Rxe5 Bxe3+ 29. Kc2 f4 30. Rf5+ Ke6 31. Bxf4 Bxf4 32. Rxf4 Ke5 33. Rf2 Rf6 34. Re2 Rf4 35. h5 h6 36. Rg3 Rc7 37. Rg6 Rcf7 38. b4 Rf2 39. Kd2 Kf5 40. Rxf2+ 1-0

[Event "Cappelle Online Blitz op"]
[Site "Europe Echecs INT"]
[Date "2021.03.07"]
[Round "4"]
[White "Saya, Ethan"]
[Black "Siffert, Arman"]
[Result "1-0"]
[WhiteElo "2230"]
[BlackElo "1902"]
[PlyCount "83"]
[EventDate "2021.03.07"]
[EventType "swiss (blitz)"]
[EventRounds "11"]
[EventCountry "FRA"]
[SourceTitle "CBM 201 Extra"]
[Source "ChessBase"]
[SourceDate "2021.05.31"]
[SourceVersion "1"]
[SourceVersionDate "2021.05.31"]
[SourceQuality "1"]

1. e4 d5 2. exd5 Qxd5 3. Nc3 Qd8 4. d4 Nf6 5. Nf3 g6 6. Bc4 Bg7 7. 0-0 0-0 8. Bf4 Bg4 9. Be2 Nc6 10. Be3 e6 11. h3 Bxf3 12. Bxf3 Nd5 13. Nxd5 exd5 14. c3 Ne7 15. Qb3 b6 16. c4 c6 17. Rac1 Qd6 18. Rc2 Rad8 19. Rfc1 Nf5 20. cxd5 cxd5 21. Rc6 Qe7 22. Rc7 Rd7 23. Rxd7 Qxd7 24. Qxd5 Qxd5 25. Bxd5 Nxd4 26. Rc7 Nb5 27. Rd7 Bxb2 28. Bc4 Na3 29. Bb3 Nb5 30. a4 Na3 31. Rxa7 b5 32. a5 b4 33. Bc5 Rc8 34. Rxf7 Kh8 35. Be7 Nb5 36. Bxb4 Be5 37. g3 Rc1+ 38. Kg2 Rb1 39. Rb7 Nd6 40. Bxd6 Bxd6 41. a6 Ra1 42. a7 1-0

[Event "Cappelle Online Blitz op"]
[Site "Europe Echecs INT"]
[Date "2021.03.07"]
[Round "9"]
[White "Siffert, Arman"]
[Black "Razafindratsima, Timothe"]
[Result "0-1"]
[WhiteElo "1902"]
[BlackElo "2341"]
[PlyCount "38"]
[EventDate "2021.03.07"]
[EventType "swiss (blitz)"]
[EventRounds "11"]
[EventCountry "FRA"]
[SourceTitle "CBM 201 Extra"]
[Source "ChessBase"]
[SourceDate "2021.05.31"]
[SourceVersion "1"]
[SourceVersionDate "2021.05.31"]
[SourceQuality "1"]

1. d4 Nf6 2. Bf4 g6 3. Nc3 Bg7 4. e4 d5 5. e5 Ne4 6. Nf3 0-0 7. Bd3 Nxc3 8. bxc3 c5 9. 0-0 Nc6 10. h3 f6 11. exf6 Bxf6 12. Bb5 Bxd4 13. cxd4 Rxf4 14. Bxc6 bxc6 15. c3 Qd6 16. Ne5 cxd4 17. cxd4 c5 18. Re1 Rxd4 19. Qa4 Rxa4 0-1

[Event "Cappelle Online Rapid op"]
[Site "Europe Echecs INT"]
[Date "2021.03.06"]
[Round "7"]
[White "Rohrer, Christophe"]
[Black "Siffert, Arman"]
[Result "1-0"]
[WhiteElo "2230"]
[BlackElo "1902"]
[PlyCount "63"]
[EventDate "2021.03.06"]
[EventType "swiss (rapid)"]
[EventRounds "9"]
[EventCountry "FRA"]
[SourceTitle "CBM 201 Extra"]
[Source "ChessBase"]
[SourceDate "2021.05.31"]
[SourceVersion "1"]
[SourceVersionDate "2021.05.31"]
[SourceQuality "1"]

1. e4 d5 2. exd5 Qxd5 3. Nc3 Qd8 4. d4 Nf6 5. Nf3 g6 6. Bc4 Bg7 7. 0-0 0-0 8. h3 a6 9. a4 e6 10. Qe2 b6 11. Bg5 Bb7 12. Rad1 Nbd7 13. Ne5 Qc8 14. Rfe1 Nxe5 15. dxe5 Nd7 16. f4 Re8 17. Qd2 Nb8 18. Ne4 Bxe4 19. Rxe4 Nc6 20. c3 Bf8 21. Qd7 Qb7 22. Qd3 Na5 23. Ba2 b5 24. b4 Nc6 25. a5 Ne7 26. Rd4 c5 27. Rd7 Qc8 28. Qf3 cxb4 29. cxb4 Nd5 30. R1xd5 exd5 31. Qxd5 Re6 32. Qxe6 1-0

[Event "Cappelle Online Rapid op"]
[Site "Europe Echecs INT"]
[Date "2021.03.06"]
[Round "3"]
[White "Siffert, Arman"]
[Black "Barzic, Mickael"]
[Result "1-0"]
[WhiteElo "1902"]
[BlackElo "1544"]
[PlyCount "101"]
[EventDate "2021.03.06"]
[EventType "swiss (rapid)"]
[EventRounds "9"]
[EventCountry "FRA"]
[SourceTitle "CBM 201 Extra"]
[Source "ChessBase"]
[SourceDate "2021.05.31"]
[SourceVersion "1"]
[SourceVersionDate "2021.05.31"]
[SourceQuality "1"]

1. d4 f5 2. g3 Nf6 3. Bg2 e6 4. Nf3 d5 5. 0-0 c6 6. c4 Bd6 7. Nc3 0-0 8. b3 Ne4 9. Qc2 Nd7 10. Nd2 Ndf6 11. f3 Nxg3 12. hxg3 Bxg3 13. Rd1 Nh5 14. Nf1 f4 15. e3 Qh4 16. exf4 Nxf4 17. Bxf4 Rxf4 18. Nxg3 Qxg3 19. Ne2 Qg5 20. Nxf4 Qxf4 21. Qd2 Qf6 22. Qe3 Bd7 23. Qe5 Qg6 24. Re1 Re8 25. Re2 h5 26. Rae1 h4 27. Kh2 Rf8 28. Re3 Rf5 29. Qc7 Qg3+ 30. Qxg3 hxg3+ 31. Kxg3 Rg5+ 32. Kf2 Rg6 33. Re5 Kf7 34. R1e2 Kf6 35. f4 Rg4 36. Kf3 Rh4 37. Kg3 Rh6 38. Rg5 b6 39. Ree5 c5 40. dxc5 bxc5 41. cxd5 exd5 42. Rxd5 Be6 43. Rxc5 g6 44. Rge5 Rh7 45. Rc6 Re7 46. Bd5 g5 47. Rcxe6+ Rxe6 48. Rxe6+ Kf5 49. fxg5 Kxg5 50. Re5+ Kf6 51. Kf4 1-0

[Event "Ville d'Orsay online Blitz"]
[Site "Europe Echecs INT"]
[Date "2021.02.07"]
[Round "2"]
[White "Siffert, Arman"]
[Black "Stefanova, Antoaneta"]
[Result "0-1"]
[WhiteElo "1902"]
[BlackElo "2470"]
[PlyCount "78"]
[EventDate "2021.02.07"]
[EventType "swiss (blitz)"]
[EventRounds "11"]
[EventCountry "FRA"]
[SourceTitle "CBM 200 Extra"]
[Source "ChessBase"]
[SourceDate "2021.03.31"]
[SourceVersion "1"]
[SourceVersionDate "2021.03.31"]
[SourceQuality "1"]

1. d4 d5 2. c4 c6 3. Nc3 Nf6 4. cxd5 cxd5 5. Nf3 a6 6. e3 Nc6 7. Bd2 Bf5 8. Be2 e6 9. 0-0 Bd6 10. a3 h6 11. Rc1 0-0 12. b4 Rc8 13. Na4 Ne4 14. Nc5 Qe7 15. Bc3 Nxc3 16. Rxc3 Bb8 17. Qb3 Na7 18. Rfc1 Rcd8 19. b5 axb5 20. Bxb5 Nc8 21. Bd3 Bxd3 22. Nxd3 Nd6 23. Nfe5 Qe8 24. Nc5 f6 25. Ned7 Rxd7 26. Nxd7 Qxd7 27. Rc5 f5 28. a4 f4 29. exf4 Rxf4 30. a5 Rf8 31. Qb6 Qf7 32. R5c2 Nc4 33. Qb5 Qf4 34. g3 Qxd4 35. Qxb7 Ba7 36. Qe7 Rxf2 37. Qxe6+ Kh7 38. Kh1 Rxc2 39. Qe5 Qxe5 0-1

[Event "Ville d'Orsay online Blitz"]
[Site "Europe Echecs INT"]
[Date "2021.02.07"]
[Round "1"]
[White "Trimbitasu, Elyas"]
[Black "Siffert, Arman"]
[Result "0-1"]
[WhiteElo "1178"]
[BlackElo "1902"]
[PlyCount "72"]
[EventDate "2021.02.07"]
[EventType "swiss (blitz)"]
[EventRounds "11"]
[EventCountry "FRA"]
[SourceTitle "CBM 200 Extra"]
[Source "ChessBase"]
[SourceDate "2021.03.31"]
[SourceVersion "1"]
[SourceVersionDate "2021.03.31"]
[SourceQuality "1"]

1. e4 c5 2. Nf3 a6 3. c4 b6 4. Nc3 Bb7 5. g3 g6 6. Bg2 Bg7 7. d3 Nf6 8. a3 0-0 9. b4 Ng4 10. 0-0 Bxc3 11. Rb1 d6 12. d4 Bxe4 13. Rb3 cxd4 14. Nxd4 Bxg2 15. Kxg2 Bxd4 16. Qxd4 Nf6 17. Bg5 Nbd7 18. Rd1 Qc7 19. Be3 Rab8 20. b5 a5 21. a4 Nc5 22. Rb2 Nxa4 23. Re2 Nc5 24. Bg5 Rfe8 25. Bxf6 exf6 26. Rxe8+ Rxe8 27. Qxf6 Qe7 28. Qxd6 Qxd6 29. Rxd6 a4 30. Rxb6 a3 31. Rc6 a2 32. Rxc5 a1Q 33. b6 Qd4 34. Rb5 Qxc4 35. Rb1 Qc6+ 36. Kh3 Rb8 0-1

[Event "Cappelle Online Blitz op 1st"]
[Site "Europe Echecs INT"]
[Date "2021.01.10"]
[Round "3"]
[White "Barzic, Mickael"]
[Black "Siffert, Arman"]
[Result "0-1"]
[WhiteElo "1544"]
[BlackElo "1902"]
[PlyCount "88"]
[EventDate "2021.01.10"]
[EventType "swiss (blitz)"]
[EventRounds "11"]
[EventCountry "FRA"]
[SourceTitle "CBM 200 Extra"]
[Source "ChessBase"]
[SourceDate "2021.03.31"]
[SourceVersion "1"]
[SourceVersionDate "2021.03.31"]
[SourceQuality "1"]

1. f4 d6 2. Nf3 Nc6 3. e3 e5 4. fxe5 dxe5 5. d3 Nf6 6. Be2 Bd6 7. 0-0 0-0 8. Nbd2 Re8 9. Ng5 Bc5 10. Ndf3 h6 11. Nh3 Ng4 12. Kh1 Bxe3 13. Nxe5 Ncxe5 14. Bxg4 Bxg4 15. Qe1 Bxc1 16. Rxc1 Bxh3 17. gxh3 Qd5+ 18. Kg1 Nf3+ 19. Rxf3 Rxe1+ 20. Rxe1 Qxf3 21. Rf1 Qxf1+ 22. Kxf1 Kf8 23. Kf2 Ke7 24. Ke3 Kf6 25. Kf4 g5+ 26. Kf3 h5 27. c3 h4 28. b3 c5 29. a3 Rd8 30. Ke3 Ke6 31. d4 f5 32. dxc5 g4 33. hxg4 fxg4 34. b4 g3 35. hxg3 hxg3 36. Kf3 Rd3+ 37. Kg2 Rxc3 38. a4 Rb3 39. b5 Rb4 40. c6 bxc6 41. bxc6 Kd6 42. c7 Kxc7 43. a5 Ra4 44. Kxg3 Rxa5 0-1

[Event "FRA-ch U12"]
[Site "Hyeres"]
[Date "2019.04.20"]
[Round "8"]
[White "Kuhn, Clement"]
[Black "Siffert, Arman"]
[Result "1-0"]
[WhiteElo "1936"]
[BlackElo "1701"]
[PlyCount "67"]
[EventDate "2019.04.14"]
[EventType "swiss"]
[EventRounds "9"]
[EventCountry "FRA"]
[SourceTitle "CBM 190 Extra"]
[Source "ChessBase"]
[SourceDate "2019.07.15"]
[SourceVersion "1"]
[SourceVersionDate "2019.07.15"]
[SourceQuality "1"]

1. e4 c5 2. Nc3 a6 3. g3 Nc6 4. Bg2 g6 5. Nh3 Bg7 6. 0-0 e6 7. d3 Nge7 8. Bg5 0-0 9. Qd2 f6 10. Be3 b6 11. Nf4 f5 12. Rab1 e5 13. Nfd5 Rb8 14. Bg5 Qe8 15. a3 d6 16. b4 cxb4 17. axb4 Bb7 18. Nxb6 Nd4 19. Nbd5 Nxd5 20. Nxd5 Bxd5 21. exd5 Qc8 22. Be7 Rf7 23. Bxd6 Rb5 24. c4 Rbb7 25. f4 exf4 26. Bxf4 Rbe7 27. Rfe1 Qe8 28. d6 Ne2+ 29. Kh1 Bc3 30. Qc2 Bxe1 31. dxe7 Rxe7 32. Bd5+ Kh8 33. Rxe1 Nxg3+ 34. Bxg3 1-0

[Event "Reunion op 18th"]
[Site "St Denis"]
[Date "2016.10.11"]
[Round "4"]
[White "Payet, Bruno"]
[Black "Siffert, Arman"]
[Result "0-1"]
[WhiteElo "1111"]
[BlackElo "1270"]
[PlyCount "74"]
[EventDate "2016.10.10"]
[EventType "swiss"]
[EventRounds "7"]
[EventCountry "RUF"]
[SourceTitle "CBM 175 Extra"]
[Source "ChessBase"]
[SourceDate "2016.12.12"]
[SourceVersion "1"]
[SourceVersionDate "2016.12.12"]
[SourceQuality "1"]

1. e4 e5 2. Nc3 Nf6 3. Bc4 Nc6 4. Nf3 Bc5 5. d3 h6 6. h3 d6 7. Qe2 Bd7 8. Bd2 Nd4 9. Nxd4 Bxd4 10. 0-0-0 c6 11. g3 a6 12. f4 Qb6 13. fxe5 dxe5 14. Rdf1 Qc7 15. Qf3 b5 16. Bb3 a5 17. a3 b4 18. Ne2 bxa3 19. Nxd4 axb2+ 20. Kb1 exd4 21. g4 a4 22. Ba2 a3 23. e5 Nd5 24. Qxf7+ Kd8 25. Qxg7 Re8 26. Qxh6 Qb7 27. Rf7 c5 28. Re1 Ne7 29. Qd6 Ra6 30. Qxc5 Qc7 31. Qxd4 Kc8 32. Bf4 Ba4 33. c4 Qa5 34. Bg3 Rc6 35. Rf6 Qd2 36. Rxc6+ Nxc6 37. Qf2 Bc2# 0-1